000
00273nam a22001217a 4500
008
170222b xxu||||| |||| 00| 0 eng d
041
_a
eng
080
_2
5 ED
_a
617
100
_a
5
101
_a
SHK
245
_a
TEXBOOK ORAL AND MAXILLOFACIAL
_c
KRUGER.G,O
942
_2
udc
_c
BK
999
_c
6120
_d
6120